000 00217nam a22000857a 4500
008 170606b xxu||||| |||| 00| 0 eng d
100 _93280
_aBiswas. P
245 _aBusy Ants
260 _aNew Delhi
_bNational Book Trust
_c1999
999 _c6597
_d6597